| 000 | 00626nam a2200205 a 4500 | ||
|---|---|---|---|
| 001 | 000003695 | ||
| 003 | DO-SdBNP | ||
| 005 | 20220720133839.0 | ||
| 007 | ta | ||
| 008 | 090713s2005 cu a 000 0 spa d | ||
| 020 | _a959050406X | ||
| 040 |
_aDO-SdBNP _bspa _cBNPHU |
||
| 082 | 4 |
_aN964t _222 |
|
| 100 | 1 |
_aNúñez Camallea, Noel Luis _911297 |
|
| 245 | 1 | 0 |
_aTratamiento de imágenes / _cNoel Luis Núñez Camallea, Oneida L. Hernández Guerra. |
| 260 |
_aLa Habana, Cuba : _bCientífico-Técnica; _bInstituto Cubano del Libro, _c2005. |
||
| 300 |
_a239 p. : _bil. ; _c11 cm. |
||
| 500 | _aIncluye índice | ||
| 942 |
_2ddc _cLBS1 |
||
| 999 |
_c3517 _d3517 |
||